| 000 | 01075nam a2200277 a 4500 | ||
|---|---|---|---|
| 001 | 4408871 | ||
| 003 | OSt | ||
| 005 | 20230629140112.0 | ||
| 008 | 921215s1992 ilu b 000 0 eng | ||
| 010 | _a 92240063 | ||
| 020 | _a0897077539 | ||
| 040 |
_aDLC _cDLC |
||
| 050 | 0 | 0 |
_aK3585.4 _b.T75 1992 |
| 082 | 0 | 0 |
_a341.7/62 _220 |
| 082 | 0 | 0 |
_a346.762 _220 _bHAR |
| 245 | 0 | 0 |
_aTrends in international environmental law / _cby the editors of the Harvard law review ; foreword by Jay Hair and preface by John Adams. |
| 260 |
_a[Chicago, Ill.] : _bAmerican Bar Association, Section of International Law and Practice, _cc1992. |
||
| 300 |
_a189 p. ; _c23 cm. |
||
| 504 | _aIncludes bibliographical references (p. 177-189). | ||
| 650 | 0 | _aEnvironmental law, International. | |
| 710 | 2 |
_aAmerican Bar Association. _bSection of International Law and Practice. |
|
| 730 | 0 | _aHarvard law review. | |
| 906 |
_a7 _bcbc _corignew _d2 _encip _f19 _gy-gencatlg |
||
| 942 |
_2ddc _cBK |
||
| 999 |
_c3092 _d3092 |
||